[Event "GER-ch U10 Girls"]
[Site "Willingen"]
[Date "2022.06.06"]
[Round "3"]
[White "Dominick, Johanna"]
[Black "Englert, Ann"]
[Result "1/2-1/2"]
[WhiteElo "1431"]
[BlackElo "1059"]
[PlyCount "79"]
[EventDate "2022.06.04"]
[EventType "swiss"]
[EventRounds "11"]
[EventCountry "GER"]
[SourceTitle "CBM 208 Extra"]
[Source "ChessBase"]
[SourceDate "2022.07.31"]
[SourceVersion "1"]
[SourceVersionDate "2022.07.31"]
[SourceQuality "1"]

1. d4 d5 2. Nf3 Nf6 3. e3 Nc6 4. c3 e6 5. Bd3 Bd6 6. Nbd2 0-0 7. 0-0 Bd7 8. e4 dxe4 9. Nxe4 Nxe4 10. Bxe4 Qc8 11. Qc2 g6 12. Bh6 Re8 13. Nh4 f5 14. Bd3 Bf8 15. Bd2 Bg7 16. Qc1 Qd8 17. Nf3 Bc8 18. Bh6 e5 19. Bc4+ Be6 20. Bg5 Qd7 21. Bxe6+ Rxe6 22. dxe5 Nxe5 23. Nxe5 Rxe5 24. Rd1 Qc6 25. Rd3 Rae8 26. Re3 Rxe3 27. Bxe3 a6 28. Qc2 Rd8 29. Rd1 Rxd1+ 30. Qxd1 Qc4 31. Qd8+ Kf7 32. Qd7+ Kf8 33. Qd8+ Kf7 34. Qd7+ Kf8 35. b4 b6 36. Qd8+ Kf7 37. Qd7+ Kf8 38. Qd8+ Kf7 39. Qd7+ Kf8 40. Qd8+ 1/2-1/2

[Event "GER-ch U10 Girls"]
[Site "Willingen"]
[Date "2021.08.29"]
[Round "11"]
[White "Peglau, Lorena"]
[Black "Dominick, Johanna"]
[Result "1-0"]
[WhiteElo "1005"]
[BlackElo "936"]
[PlyCount "113"]
[EventDate "2021.08.22"]
[EventType "swiss"]
[EventRounds "11"]
[EventCountry "GER"]
[SourceTitle "EXT 2022"]
[Source "ChessBase"]
[SourceDate "2021.10.06"]
[SourceVersion "1"]
[SourceVersionDate "2021.10.06"]
[SourceQuality "1"]

1. Nf3 Nc6 2. g3 e5 3. Bg2 Bc5 4. 0-0 Nf6 5. d3 d5 6. c4 d4 7. Bg5 Bf5 8. Re1 Qd7 9. Nbd2 0-0-0 10. a3 h6 11. Bxf6 gxf6 12. b4 Bd6 13. b5 Ne7 14. a4 b6 15. a5 bxa5 16. Rxa5 Kb8 17. Qa1 Bc5 18. Nb3 Bb6 19. Ra6 Ng6 20. c5 Rde8 21. cxb6 cxb6 22. Rc1 Re7 23. Qa4 Rc8 24. Rxc8+ Kxc8 25. Qc4+ Kd8 26. Ra1 Be6 27. Qa4 Ke8 28. Nfxd4 Bxb3 29. Nxb3 Kf8 30. Bc6 Qc7 31. Rc1 a5 32. bxa6 Qa7 33. Na1 Rc7 34. Nb3 Ne7 35. Bg2 Rxc1+ 36. Nxc1 Qc7 37. a7 Qxc1+ 38. Bf1 Qc8 39. a8Q Qxa8 40. Qxa8+ Kg7 41. Qa6 Nd5 42. e4 Nc3 43. Qxb6 h5 44. d4 Nxe4 45. dxe5 fxe5 46. Qe3 f5 47. f3 Nf6 48. Qg5+ Kf7 49. Qxf5 e4 50. fxe4 Ke7 51. Qe5+ Kf7 52. Bc4+ Kg7 53. Qd4 Kg6 54. Qd6 Kg7 55. Qe7+ Kg6 56. Qf7+ Kg5 57. Qg7# 1-0

[Event "GER-ch U10 Girls"]
[Site "Willingen"]
[Date "2021.08.24"]
[Round "4"]
[White "Dominick, Johanna"]
[Black "Guliyeva, Zahra"]
[Result "1-0"]
[WhiteElo "936"]
[BlackElo "783"]
[PlyCount "47"]
[EventDate "2021.08.22"]
[EventType "swiss"]
[EventRounds "11"]
[EventCountry "GER"]
[SourceTitle "EXT 2022"]
[Source "ChessBase"]
[SourceDate "2021.10.06"]
[SourceVersion "1"]
[SourceVersionDate "2021.10.06"]
[SourceQuality "1"]

1. e4 e5 2. Nf3 Nc6 3. Bc4 Bc5 4. Nc3 Nf6 5. d3 0-0 6. Bg5 d6 7. Nd5 Bg4 8. Nxf6+ gxf6 9. Bh6 Re8 10. h3 Bh5 11. g4 Bg6 12. h4 Qd7 13. h5 Qxg4 14. hxg6 Qg2 15. gxf7+ Kh8 16. fxe8Q+ Rxe8 17. Kd2 Qxf2+ 18. Qe2 f5 19. Qxf2 Bxf2 20. Raf1 fxe4 21. Rxf2 exf3 22. Rxf3 d5 23. Bb5 e4 24. Rf8+ 1-0